[Event "chess.com SpeedChess 2024"]
[Site "chess.com INT"]
[Date "2024.07.31"]
[Round "1.19"]
[White "Vachier-Lagrave, Maxime"]
[Black "Niemann, Hans Moke"]
[Result "1-0"]
[WhiteTitle "GM"]
[BlackTitle "GM"]
[WhiteElo "2718"]
[BlackElo "2703"]
[WhiteFideId "623539"]
[BlackFideId "2093596"]
[EventDate "2024.07.25"]
[EventType "k.o."]

1. e4 e5 2. Nf3 Nc6 3. d4 exd4 4. Nxd4 Nf6 5. Nxc6 bxc6 6. e5 Qe7 7. Qe2 Nd5 8.
h4 a5 9. Nd2 Qe6 10. Nf3 Ba6 11. c4 Nb6 12. b3 d5 13. exd6 cxd6 14. Be3 c5 15.
g3 Bb7 16. Bh3 Qe4 17. Bg2 Be7 18. O-O Qg4 19. Bf4 Nc8 20. Qd3 Qg6 21. Rad1 Qxd3
22. Rxd3 O-O 23. Re1 a4 24. Bh3 Bf6 25. Ng5 axb3 26. axb3 h6 27. Ne4 Bxe4 28.
Rxe4 Ra2 29. Bxc8 Rxc8 30. Rxd6 Rb2 31. Rd3 Ra8 32. Be3 Rb8 33. Bxc5 R8xb3 34.
Rxb3 Rxb3 35. Re8+ Kh7 36. Be3 Rc3 37. c5 Kg6 38. Kg2 Kf5 39. Kf3 h5 40. Ke2 Be5
41. Kd2 Ra3 42. Re7 f6 43. Rxg7 Ke4 44. Rh7 Ra2+ 45. Ke1 Bc3+ 46. Kd1 Kd3 47.
Rd7+ Ke4 48. c6 Ra6 49. c7 Rc6 50. Bf4 Kf3 51. Rd8 1-0

[Event "chess.com SpeedChess 2024"]
[Site "chess.com INT"]
[Date "2024.07.31"]
[Round "1.20"]
[White "Niemann, Hans Moke"]
[Black "Vachier-Lagrave, Maxime"]
[Result "0-1"]
[WhiteTitle "GM"]
[BlackTitle "GM"]
[WhiteElo "2703"]
[BlackElo "2718"]
[WhiteFideId "2093596"]
[BlackFideId "623539"]
[EventDate "2024.07.25"]
[EventType "k.o."]

1. e4 c5 2. Nf3 e6 3. b3 b6 4. d4 cxd4 5. Nxd4 Bb7 6. Nd2 Nc6 7. Nxc6 Bxc6 8.
Bb2 Nf6 9. Bd3 Bc5 10. Qe2 Qc7 11. O-O-O a5 12. a4 O-O-O 13. Kb1 d5 14. exd5
Nxd5 15. Ne4 Nf4 16. Qf3 f5 17. Ba6+ Kb8 18. Bc1 e5 0-1

[Event "chess.com SpeedChess 2024"]
[Site "chess.com INT"]
[Date "2024.07.31"]
[Round "1.21"]
[White "Vachier-Lagrave, Maxime"]
[Black "Niemann, Hans Moke"]
[Result "1/2-1/2"]
[WhiteTitle "GM"]
[BlackTitle "GM"]
[WhiteElo "2718"]
[BlackElo "2703"]
[WhiteFideId "623539"]
[BlackFideId "2093596"]
[EventDate "2024.07.25"]
[EventType "k.o."]

1. e4 c6 2. d4 d5 3. exd5 cxd5 4. Bd3 Nc6 5. c3 Nf6 6. h3 g6 7. Nf3 Bg7 8. O-O
Bf5 9. Re1 Bxd3 10. Qxd3 O-O 11. Bf4 e6 12. Nbd2 Rc8 13. Ne5 Nd7 14. Nxd7 Qxd7
15. h4 f6 16. Nf3 Rfe8 17. Rad1 e5 18. dxe5 fxe5 19. Bg3 e4 20. Rxe4 Rxe4 21.
Qxe4 dxe4 22. Rxd7 exf3 23. Rxb7 fxg2 24. Kxg2 a5 25. a4 Be5 26. Bxe5 Nxe5 27.
Rb5 Nd3 28. Kf3 Re8 29. b4 Rc8 30. bxa5 Rxc3 31. Ke4 Nxf2+ 32. Kd5 Ra3 33. Rb4
Nd3 34. Rd4 Nb2 35. a6 Nxa4 36. Kc6 Nc3 37. Kb6 Kg7 38. Rd7+ Kh6 39. a7 Ne4 40.
Rd5 Rxa7 41. Kxa7 Ng3 42. Kb6 Nf5 43. Kc5 Nxh4 44. Kd4 g5 45. Ke4 Kh5 46. Rd7 h6
47. Rd6 Ng6 48. Kf3 Nh4+ 49. Ke4 Ng2 50. Kf3 Nh4+ 51. Ke4 1/2-1/2

[Event "chess.com SpeedChess 2024"]
[Site "chess.com INT"]
[Date "2024.07.31"]
[Round "1.22"]
[White "Niemann, Hans Moke"]
[Black "Vachier-Lagrave, Maxime"]
[Result "1/2-1/2"]
[WhiteTitle "GM"]
[BlackTitle "GM"]
[WhiteElo "2703"]
[BlackElo "2718"]
[WhiteFideId "2093596"]
[BlackFideId "623539"]
[EventDate "2024.07.25"]
[EventType "k.o."]

1. e4 c6 2. d4 d5 3. exd5 cxd5 4. Nf3 Nf6 5. Bb5+ Bd7 6. Bd3 Bg4 7. c3 Nc6 8.
Bf4 Bxf3 9. Qxf3 e6 10. Nd2 Bd6 11. Bxd6 Qxd6 12. O-O O-O 13. Rfe1 Rfe8 14. h3
Rad8 15. Qe2 e5 16. dxe5 Rxe5 17. Qf1 Rxe1 18. Rxe1 d4 19. Ne4 Nxe4 20. Bxe4
dxc3 21. bxc3 Qc7 22. Qc4 g6 23. Bxc6 Qxc6 24. Qxc6 bxc6 25. Re7 Rd1+ 26. Kh2
Rd2 27. Rxa7 Rxf2 28. Ra6 Rc2 29. Rxc6 Rxa2 30. Kg3 Kg7 31. Kf3 h5 32. h4 Ra4
33. g3 Kf8 34. Rc7 Ke8 35. c4 Kd8 36. Rxf7 Rxc4 37. Rf6 Rg4 38. Re6 Kd7 39. Re2
Rb4 40. Re1 Rb5 41. Ra1 Ke6 42. Kf4 Rb4+ 43. Kf3 Rb3+ 44. Kg2 Rb2+ 45. Kh3 Rb4
46. Ra5 Kf6 47. Ra6+ Kf7 48. Ra7+ Kf6 49. Ra8 Kf7 50. Kg2 Rb2+ 51. Kf3 Rb3+ 52.
Kf4 Rb4+ 53. Ke5 Rb5+ 54. Ke4 Rb4+ 55. Kf3 Rb3+ 56. Kg2 Rb2+ 57. Kh3 Rb3 58.
Ra7+ Kf6 59. Ra6+ Kf7 60. Ra4 Kf6 61. Rf4+ Kg7 62. Kg2 Rb2+ 63. Rf2 Rb4 64. Kh3
Rb3 65. Rf4 Ra3 66. Rb4 Rc3 67. Kg2 Rc2+ 68. Kf3 Rc3+ 69. Kf4 Rc7 70. g4 hxg4
71. Kxg4 Kh6 72. Rd4 Rc6 73. Ra4 Rb6 74. Kg3 Rb3+ 75. Kg4 Rb6 76. Rf4 Ra6 77.
Re4 Rb6 78. Rc4 Ra6 79. Rd4 Rb6 80. Rd8 Rb1 81. Rh8+ Kg7 82. Ra8 Rb4+ 83. Kg3
Rb3+ 84. Kg2 Rb2+ 85. Kf3 Rb3+ 86. Kf2 Rb2+ 87. Ke3 Rb3+ 88. Kf2 Rb2+ 89. Kf3
Rb3+ 90. Kg4 Rb4+ 91. Kg5 Rb5+ 92. Kf4 Rb4+ 93. Kg3 Rb3+ 94. Kg2 Rb2+ 95. Kg1
Rb1+ 96. Kf2 Rb2+ 1/2-1/2

[Event "chess.com SpeedChess 2024"]
[Site "chess.com INT"]
[Date "2024.07.31"]
[Round "1.23"]
[White "Vachier-Lagrave, Maxime"]
[Black "Niemann, Hans Moke"]
[Result "1-0"]
[WhiteTitle "GM"]
[BlackTitle "GM"]
[WhiteElo "2718"]
[BlackElo "2703"]
[WhiteFideId "623539"]
[BlackFideId "2093596"]
[EventDate "2024.07.25"]
[EventType "k.o."]

1. e4 e5 2. Nf3 Nc6 3. Bc4 Nf6 4. d3 Bc5 5. O-O d6 6. c3 a5 7. Nbd2 O-O 8. h3
Be6 9. Bb5 Ba7 10. Re1 Ne7 11. d4 Ng6 12. Nf1 Nh5 13. Ng5 Nhf4 14. Nxe6 fxe6 15.
Kh2 Qf6 16. g3 exd4 17. gxf4 Nxf4 18. e5 dxe5 19. Ng3 dxc3 20. Ne4 Qh4 21. Qg4
Bxf2 22. Rf1 cxb2 23. Bxb2 Qxg4 24. hxg4 Bd4 25. Rab1 c6 26. Ba4 b5 27. Bc2 a4
28. Ba3 Rfd8 29. Bd1 Rac8 30. Bf3 c5 31. Rxb5 c4 32. Nd6 Rc7 33. Rb7 Rxb7 34.
Nxb7 Rb8 35. Nd6 c3 36. Be4 g6 37. Rb1 Rxb1 38. Bxb1 Nd5 39. Nc4 Kf7 40. Bc2 Kf6
41. Bxa4 e4 42. Kg3 Kg5 43. Bc1+ e3 44. Bc2 h5 45. gxh5 gxh5 46. Kf3 h4 47. Nxe3
Nb4 48. Nf5+ Kf6 49. Nxd4 e5 50. Ba3 Nd5 51. Ne2 h3 52. Kg3 Kg5 53. Bc1+ Kf6 54.
Kxh3 Nb4 55. Bb3 Nd3 56. Kg3 1-0

[Event "chess.com SpeedChess 2024"]
[Site "chess.com INT"]
[Date "2024.07.31"]
[Round "1.24"]
[White "Niemann, Hans Moke"]
[Black "Vachier-Lagrave, Maxime"]
[Result "1-0"]
[WhiteTitle "GM"]
[BlackTitle "GM"]
[WhiteElo "2703"]
[BlackElo "2718"]
[WhiteFideId "2093596"]
[BlackFideId "623539"]
[EventDate "2024.07.25"]
[EventType "k.o."]

1. e4 c5 2. Nf3 d6 3. Bb5+ Bd7 4. Bxd7+ Nxd7 5. O-O Rc8 6. d3 g6 7. c3 Bg7 8. d4
cxd4 9. cxd4 Ngf6 10. Nc3 O-O 11. Qe2 a6 12. e5 Ne8 13. e6 fxe6 14. Qxe6+ Kh8
15. Ng5 Bxd4 16. Nf7+ Rxf7 17. Qxf7 Nef6 18. Bh6 Ng4 19. Bg5 Qf8 20. Qxe7 Qf5
21. Be3 Be5 22. h3 Ngf6 23. Bh6 Ng8 24. Qg5 Qf7 25. Qd2 Ne7 26. Bg5 Nf5 27. Rad1
h5 28. Rfe1 Kh7 29. Nd5 Rc4 30. Ne3 Rd4 31. Qe2 Re4 32. Qf3 Nc5 33. Nxf5 gxf5
34. Be3 Ne6 35. Bc1 Nd4 36. Qd3 Qg6 37. f3 Rh4 38. Kf1 Ne6 39. Be3 Ra4 40. Qb3
Ra5 41. Qxb7+ Bg7 42. Rxd6 Rxa2 43. Qb3 Rxb2 44. Qxb2 Bxb2 45. Bf2 Bc3 46. Rdxe6
Qf7 47. Re7 1-0

[Event "chess.com SpeedChess 2024"]
[Site "chess.com INT"]
[Date "2024.08.06"]
[Round "2.1"]
[Board "1"]
[White "Firouzja, Alireza"]
[Black "Caruana, Fabiano"]
[Result "1/2-1/2"]
[WhiteTitle "GM"]
[BlackTitle "GM"]
[WhiteElo "2744"]
[BlackElo "2796"]
[WhiteFideId "12573981"]
[BlackFideId "2020009"]
[EventDate "2024.07.25"]
[EventType "k.o."]

1. e4 e5 2. Nf3 Nc6 3. Bb5 a6 4. Ba4 Nf6 5. O-O Be7 6. d3 b5 7. Bb3 d6 8. c3 O-O
9. h3 Bb7 10. Be3 Na5 11. Bc2 c5 12. Nbd2 Re8 13. d4 exd4 14. cxd4 cxd4 15. Nxd4
Bf8 16. a4 Nc4 17. Bg5 h6 18. Bh4 Nxd2 19. Qxd2 bxa4 20. f3 d5 21. Bxa4 Re5 22.
Qf4 g5 23. Qxe5 Bd6 24. Qf5 Bc8 25. Nc6 Bxf5 26. Nxd8 Rxd8 27. Be1 Be6 28. exd5
Nxd5 29. Bf2 Rb8 30. Rfd1 Be5 31. Bd7 Nf4 32. Bxe6 Nxe6 33. Rd2 Rb5 34. Rxa6
Bxb2 35. Rb6 Rxb6 36. Bxb6 Bc3 37. Rd5 Kg7 38. Be3 Kg6 39. Kf1 h5 40. g4 hxg4
41. hxg4 Bf6 42. Ke2 Bd8 43. Kd3 Bc7 44. Kc4 Bg3 45. Ra5 Bh2 46. Kd5 Bg3 47. Kc6
Bc7 48. Rb5 Bh2 49. Kd7 Bg3 50. Ke7 Bc7 51. Ke8 Bd6 52. Rf5 Ng7+ 53. Kd7 Nxf5
54. gxf5+ Kxf5 55. Kxd6 g4 56. fxg4+ Kxg4 57. Ke5 f6+ 58. Kxf6 1/2-1/2

[Event "chess.com SpeedChess 2024"]
[Site "chess.com INT"]
[Date "2024.08.06"]
[Round "2.2"]
[Board "2"]
[White "Caruana, Fabiano"]
[Black "Firouzja, Alireza"]
[Result "0-1"]
[WhiteTitle "GM"]
[BlackTitle "GM"]
[WhiteElo "2796"]
[BlackElo "2744"]
[WhiteFideId "2020009"]
[BlackFideId "12573981"]
[EventDate "2024.07.25"]
[EventType "k.o."]

1. c4 g6 2. Nc3 Bg7 3. g3 h5 4. Nf3 c6 5. Bg2 d5 6. cxd5 cxd5 7. d4 Nc6 8. O-O
Nh6 9. Ne5 Nxe5 10. dxe5 e6 11. e4 d4 12. Nb5 Bxe5 13. Bxh6 Rxh6 14. Qc1 Bd7 15.
Nd6+ Bxd6 16. Qxh6 Qf6 17. Qd2 g5 18. e5 Bxe5 19. Bxb7 Rb8 20. Bg2 h4 21. Rac1
Bd6 22. Rfd1 e5 23. Qe2 Kf8 24. Bc6 Be6 25. Be4 g4 26. Rc6 Bd7 27. Rc2 hxg3 28.
hxg3 Kg7 29. Kg2 Rh8 30. Rcc1 Be6 31. Rh1 Rxh1 32. Rxh1 Qg5 33. Qa6 Bf8 34. Qxa7
Bf5 35. Qb7 Be6 36. a4 Qf6 37. a5 d3 38. Bxd3 Bc5 39. Rh7+ Kg8 40. Qa8+ Bf8 41.
Rh1 Bd7 42. Qe4 Bc6 43. Ra1 Bc5 44. Rf1 Bxe4+ 45. Bxe4 Qa6 46. Rc1 Qxa5 47. Rc4
Qb5 48. Bd5 Bb6 49. Rxg4+ Kf8 0-1

[Event "chess.com SpeedChess 2024"]
[Site "chess.com INT"]
[Date "2024.08.06"]
[Round "2.3"]
[Board "3"]
[White "Firouzja, Alireza"]
[Black "Caruana, Fabiano"]
[Result "1-0"]
[WhiteTitle "GM"]
[BlackTitle "GM"]
[WhiteElo "2744"]
[BlackElo "2796"]
[WhiteFideId "12573981"]
[BlackFideId "2020009"]
[EventDate "2024.07.25"]
[EventType "k.o."]

1. e4 e5 2. Nf3 Nc6 3. Bb5 a6 4. Ba4 Nf6 5. O-O Be7 6. d3 b5 7. Bb3 d6 8. c3 O-O
9. h3 Bb7 10. a4 Na5 11. Ba2 c5 12. Na3 Qd7 13. Bg5 h6 14. Be3 bxa4 15. Nh4 d5
16. Nf5 Rfe8 17. f4 exf4 18. Bxf4 Bf8 19. Bg3 Re6 20. e5 Nh7 21. Qg4 Bc6 22. Rf2
Rg6 23. Qh4 Nb3 24. Raf1 Ng5 25. Qh5 Re8 26. h4 Ne6 27. Kh2 d4 28. Nc4 dxc3 29.
bxc3 Qxd3 30. Ncd6 Bxd6 31. Bb1 Qxc3 32. Nxh6+ gxh6 33. Bxg6 fxg6 34. Qxg6+ Ng7
35. exd6 Nd4 36. Rf7 Ne6 37. d7 Rd8 38. Re7 Bxd7 39. Rff7 Bc6 40. Rf6 Qd2 41.
Qf7+ Kh7 42. Qg6+ Kh8 43. Rf2 Qd5 44. Re2 Nd4 45. Qxh6+ Kg8 46. Qxg7# 1-0

[Event "chess.com SpeedChess 2024"]
[Site "chess.com INT"]
[Date "2024.08.06"]
[Round "2.4"]
[Board "4"]
[White "Caruana, Fabiano"]
[Black "Firouzja, Alireza"]
[Result "1-0"]
[WhiteTitle "GM"]
[BlackTitle "GM"]
[WhiteElo "2796"]
[BlackElo "2744"]
[WhiteFideId "2020009"]
[BlackFideId "12573981"]
[EventDate "2024.07.25"]
[EventType "k.o."]

1. c4 g6 2. Nc3 Bg7 3. g3 e6 4. Bg2 Ne7 5. d4 d5 6. Nf3 O-O 7. O-O Nbc6 8. cxd5
exd5 9. Bf4 Bg4 10. Ne5 Nxe5 11. Bxe5 c6 12. Bxg7 Kxg7 13. h3 Be6 14. e3 Nf5 15.
h4 Nd6 16. Ne2 Bf5 17. Nf4 Re8 18. Nd3 Bxd3 19. Qxd3 a5 20. Rac1 h6 21. Bf3 Qf6
22. Kg2 Qf5 23. Qxf5 Nxf5 24. Rfd1 Nd6 25. Be2 f5 26. Bd3 Kf6 27. Rc5 a4 28. Rb1
Rh8 29. Rc3 g5 30. Rh1 Ne4 31. Ra3 Nd6 32. hxg5+ Kxg5 33. Rc3 h5 34. Rh4 Ne4 35.
Rc1 Rae8 36. Rch1 Kg6 37. Bc2 a3 38. bxa3 Ra8 39. a4 Rae8 40. a5 Nf6 41. Rb1 Rh7
42. a6 bxa6 43. Rb6 Rc7 44. Rxa6 Rb8 45. Bb3 Ne4 46. Bxd5 1-0

[Event "chess.com SpeedChess 2024"]
[Site "chess.com INT"]
[Date "2024.08.06"]
[Round "2.5"]
[Board "5"]
[White "Firouzja, Alireza"]
[Black "Caruana, Fabiano"]
[Result "0-1"]
[WhiteTitle "GM"]
[BlackTitle "GM"]
[WhiteElo "2744"]
[BlackElo "2796"]
[WhiteFideId "12573981"]
[BlackFideId "2020009"]
[EventDate "2024.07.25"]
[EventType "k.o."]

1. e4 e5 2. Nf3 Nc6 3. Bb5 a6 4. Ba4 Nf6 5. O-O b5 6. Bb3 Bc5 7. c3 d6 8. a4 Bb7
9. d4 Bb6 10. Re1 Ne7 11. Be3 exd4 12. Bg5 Nxe4 13. Nbd2 Nxg5 14. Nxg5 d5 15.
Qh5 g6 16. Qh6 Qd7 17. axb5 dxc3 18. bxc3 a5 19. Bc2 O-O-O 20. Nb3 Nf5 21. Bxf5
Qxf5 22. Nd4 Qf6 23. Ngf3 Rhe8 24. h4 Re4 25. Ng5 Ree8 26. Nxh7 Qh8 27. h5 Rg8
28. Re7 Rg7 29. hxg6 Rxg6 30. Qh3+ Kb8 31. Rxf7 Rdg8 32. g3 Bxd4 33. cxd4 Qxd4
34. Ra3 Qc5 35. Raf3 d4 36. Qf5 Qc1+ 37. Kg2 Qc3 38. Nf6 Bxf3+ 39. Qxf3 Qxf3+
40. Kxf3 Rd8 41. Nd7+ Kc8 42. Ne5 Rgg8 43. Ke4 Rge8 44. Rh7 d3 45. Rh1 d2 46.
Rd1 a4 47. f4 a3 48. f5 a2 49. f6 a1=Q 50. Rxa1 d1=Q 51. Rxd1 Rxd1 52. f7 Re1+ 0-1

[Event "chess.com SpeedChess 2024"]
[Site "chess.com INT"]
[Date "2024.08.06"]
[Round "2.6"]
[Board "6"]
[White "Caruana, Fabiano"]
[Black "Firouzja, Alireza"]
[Result "0-1"]
[WhiteTitle "GM"]
[BlackTitle "GM"]
[WhiteElo "2796"]
[BlackElo "2744"]
[WhiteFideId "2020009"]
[BlackFideId "12573981"]
[EventDate "2024.07.25"]
[EventType "k.o."]

1. c4 Nf6 2. Nc3 e5 3. Nf3 Nc6 4. a3 d5 5. cxd5 Nxd5 6. Qc2 Nxc3 7. bxc3 Bd6 8.
g3 O-O 9. Bg2 Re8 10. d3 Bf5 11. Nd2 Qd7 12. Rb1 Rab8 13. Qa4 Bh3 14. O-O Bxg2
15. Kxg2 a6 16. Ne4 b5 17. Qb3 Bf8 18. Be3 Na5 19. Qc2 f5 20. Ng5 h6 21. Nf3 e4
22. dxe4 Rxe4 23. a4 Nc4 24. Bd4 c5 25. axb5 axb5 26. Rfd1 cxd4 27. cxd4 Qd5 28.
Rb3 Rbe8 29. e3 g5 30. Kg1 f4 31. exf4 gxf4 32. Qb1 b4 33. Qd3 Na5 34. Rbb1 Nc6
35. Ra1 Bg7 36. Rac1 Nxd4 37. Nxd4 Rxd4 0-1

[Event "chess.com SpeedChess 2024"]
[Site "chess.com INT"]
[Date "2024.08.06"]
[Round "2.7"]
[Board "7"]
[White "Firouzja, Alireza"]
[Black "Caruana, Fabiano"]
[Result "1-0"]
[WhiteTitle "GM"]
[BlackTitle "GM"]
[WhiteElo "2744"]
[BlackElo "2796"]
[WhiteFideId "12573981"]
[BlackFideId "2020009"]
[EventDate "2024.07.25"]
[EventType "k.o."]

1. e4 e5 2. Nf3 Nc6 3. Bb5 a6 4. Ba4 Nf6 5. O-O b5 6. Bb3 Bc5 7. c3 d6 8. a4 Bb7
9. d4 Bb6 10. Re1 Ne7 11. Nbd2 Ng6 12. Bc2 O-O 13. Nf1 c5 14. Ng3 h6 15. h3 Re8
16. dxe5 dxe5 17. Qxd8 Rexd8 18. Be3 Rac8 19. axb5 axb5 20. Red1 Rxd1+ 21. Rxd1
Ba5 22. Nf5 Bxe4 23. Bxe4 Nxe4 24. Nxe5 Re8 25. Nxg6 fxg6 26. Nd6 Nxd6 27. Rxd6
g5 28. Ra6 Bc7 29. Rc6 Bf4 30. Rxc5 Bxe3 31. fxe3 b4 32. cxb4 Rxe3 33. Rc3 Re5
34. Rb3 Rb5 35. Kf2 Kf7 36. Ke3 Ke6 37. Kd4 Kd6 38. Kc4 Re5 39. Rd3+ Kc7 40. b3
Re2 41. g4 g6 42. Rf3 Re4+ 43. Kc5 Rf4 44. Re3 h5 45. b5 hxg4 46. hxg4 Rxg4 47.
b6+ Kc8 48. Re8+ Kd7 49. b7 1-0

[Event "chess.com SpeedChess 2024"]
[Site "chess.com INT"]
[Date "2024.08.06"]
[Round "2.8"]
[Board "8"]
[White "Caruana, Fabiano"]
[Black "Firouzja, Alireza"]
[Result "1/2-1/2"]
[WhiteTitle "GM"]
[BlackTitle "GM"]
[WhiteElo "2796"]
[BlackElo "2744"]
[WhiteFideId "2020009"]
[BlackFideId "12573981"]
[EventDate "2024.07.25"]
[EventType "k.o."]

1. c4 e6 2. Nc3 Nf6 3. e4 d5 4. cxd5 exd5 5. e5 Ne4 6. Nf3 Bf5 7. Be2 c5 8. O-O
Nc6 9. Qb3 Nxc3 10. dxc3 Qd7 11. Bg5 c4 12. Qa4 h6 13. Be3 Nxe5 14. Qxd7+ Nxd7
15. Nd4 Be6 16. Nb5 Bc5 17. Nc7+ Ke7 18. Bxc5+ Nxc5 19. Nxa8 Rxa8 20. Rad1 b5
21. Rfe1 Kd6 22. b3 Kc6 23. bxc4 bxc4 24. Rc1 a5 25. f3 a4 26. Kf2 Bf5 27. g4
Bh7 28. Kg3 Rb8 29. Bf1 Kd6 30. Rcd1 Bd3 31. Rd2 a3 32. h4 Bxf1 33. Rxf1 Nd3 34.
Rfd1 Kc5 35. g5 hxg5 36. hxg5 d4 37. cxd4+ Kxd4 38. Re2 Rb2 39. Re7 Rxa2 40.
Rxf7 Rb2 41. Rxg7 a2 42. Rd7+ Kc3 43. Ra7 Rb1 44. Rxd3+ cxd3 45. Rxa2 d2 46.
Rxd2 Kxd2 47. Kf4 Kd3 48. g6 Rb7 49. Ke5 Ke3 50. Kf6 Kxf3 51. g7 Rxg7 52. Kxg7 1/2-1/2

[Event "chess.com SpeedChess 2024"]
[Site "chess.com INT"]
[Date "2024.08.06"]
[Round "2.9"]
[Board "9"]
[White "Firouzja, Alireza"]
[Black "Caruana, Fabiano"]
[Result "1-0"]
[WhiteTitle "GM"]
[BlackTitle "GM"]
[WhiteElo "2744"]
[BlackElo "2796"]
[WhiteFideId "12573981"]
[BlackFideId "2020009"]
[EventDate "2024.07.25"]
[EventType "k.o."]

1. e4 c5 2. Nf3 Nc6 3. Bb5 Nf6 4. Nc3 g6 5. e5 Nh5 6. Bxc6 dxc6 7. d3 Ng7 8. O-O
Ne6 9. Be3 Bg7 10. Ne4 b6 11. Re1 a5 12. Qd2 h6 13. a3 a4 14. Rad1 Nd4 15. Bxd4
cxd4 16. Nf6+ Kf8 17. Ne4 g5 18. h3 c5 19. c3 dxc3 20. Qxc3 g4 21. hxg4 Bxg4 22.
d4 cxd4 23. Rxd4 Qc8 24. Rc4 Qe6 25. Rc6 Qb3 26. Qxb3 axb3 27. Ned2 b5 28. Nd4
h5 29. N2xb3 h4 30. f3 Bd7 31. Rc7 Be8 32. Nf5 e6 33. Nxg7 Kxg7 34. Nc5 Kg6 35.
Ne4 b4 36. axb4 h3 37. Nd6 hxg2 38. Kxg2 Ba4 39. Rg1 Rh5 40. Kf2+ Rg5 41. Rxf7
Rxg1 42. Rf6+ Kg7 43. Kxg1 Bb3 44. Rf7+ Kg6 45. b5 Ra2 46. Rf4 Bd5 47. Rb4 Bxf3
48. b6 Ra8 49. b7 Rb8 50. Kf2 Bd5 51. Ke3 1-0

[Event "chess.com SpeedChess 2024"]
[Site "chess.com INT"]
[Date "2024.08.06"]
[Round "2.10"]
[Board "10"]
[White "Caruana, Fabiano"]
[Black "Firouzja, Alireza"]
[Result "1-0"]
[WhiteTitle "GM"]
[BlackTitle "GM"]
[WhiteElo "2796"]
[BlackElo "2744"]
[WhiteFideId "2020009"]
[BlackFideId "12573981"]
[EventDate "2024.07.25"]
[EventType "k.o."]

1. c4 Nf6 2. Nc3 e5 3. g3 c6 4. Nf3 e4 5. Nd4 Qb6 6. e3 d5 7. Bg2 Bg4 8. Qb3 Na6
9. cxd5 Qxb3 10. axb3 cxd5 11. d3 exd3 12. Nxd5 Nxd5 13. Bxd5 O-O-O 14. Bxf7
Bb4+ 15. Bd2 Bxd2+ 16. Kxd2 Rhf8 17. Bc4 Rxf2+ 18. Kxd3 Nc5+ 19. Kc3 a6 20. Raf1
Rdf8 21. Rxf2 Rxf2 22. Rf1 Rxh2 23. Rf8+ Kc7 24. Rf7+ Kd6 25. Rxg7 h5 26. Rg6+
Kc7 27. Bd5 Rh3 28. b4 Nd7 29. Ne6+ Kb8 30. Rg8+ Ka7 31. Rg7 Rxg3 32. Kd4 Bxe6
33. Rxg3 h4 34. Rg7 Bxd5 35. Kxd5 Nf6+ 36. Ke5 1-0

[Event "chess.com SpeedChess 2024"]
[Site "chess.com INT"]
[Date "2024.08.06"]
[Round "2.11"]
[Board "11"]
[White "Firouzja, Alireza"]
[Black "Caruana, Fabiano"]
[Result "1-0"]
[WhiteTitle "GM"]
[BlackTitle "GM"]
[WhiteElo "2744"]
[BlackElo "2796"]
[WhiteFideId "12573981"]
[BlackFideId "2020009"]
[EventDate "2024.07.25"]
[EventType "k.o."]

1. e4 e5 2. Nf3 Nc6 3. Bb5 a6 4. Ba4 Nf6 5. O-O Be7 6. d3 b5 7. Bb3 d6 8. c3 O-O
9. h3 Bb7 10. a4 Na5 11. Ba2 c5 12. Re1 c4 13. axb5 axb5 14. Na3 Bc6 15. Bg5 Rb8
16. Nc2 h6 17. Bh4 Ba8 18. Nb4 Rc8 19. dxc4 Nxc4 20. Bxc4 Rxc4 21. Bxf6 Bxf6 22.
Nd2 Rc8 23. Nf1 Rc4 24. Qd3 Qc8 25. Nd2 Rc5 26. Nb3 Rc4 27. Ra7 Rd8 28. Nd5 Bxd5
29. Qxd5 Qe6 30. Qxb5 Rcc8 31. Na5 d5 32. Ra6 Qd7 33. Qxd7 Rxd7 34. exd5 Rxd5
35. Re2 h5 36. g3 h4 37. g4 Kh7 38. Nc6 Rc7 39. Nb4 Rd1+ 40. Kg2 Rb7 41. Ra5 Rb1
42. Rd5 Ra7 43. Nd3 Raa1 44. Nxe5 Rh1 45. Nf3 Rhb1 46. g5 1-0

[Event "chess.com SpeedChess 2024"]
[Site "chess.com INT"]
[Date "2024.08.06"]
[Round "2.12"]
[Board "12"]
[White "Caruana, Fabiano"]
[Black "Firouzja, Alireza"]
[Result "1/2-1/2"]
[WhiteTitle "GM"]
[BlackTitle "GM"]
[WhiteElo "2796"]
[BlackElo "2744"]
[WhiteFideId "2020009"]
[BlackFideId "12573981"]
[EventDate "2024.07.25"]
[EventType "k.o."]

1. c4 g6 2. Nc3 Bg7 3. g3 c5 4. Bg2 Nc6 5. e3 e6 6. b3 Nf6 7. Ba3 Qa5 8. Bb2 O-O
9. Nge2 d5 10. cxd5 Nxd5 11. O-O Rd8 12. a3 Nxc3 13. Bxc3 Bxc3 14. Nxc3 e5 15.
Nd5 Rd6 16. b4 Qd8 17. Qf3 cxb4 18. axb4 Bf5 19. Nc3 Nxb4 20. Qxb7 Rb8 21. Qxa7
Rxd2 22. Ne4 Bxe4 23. Bxe4 Qb6 24. Qe7 Qd6 25. Qxd6 Rxd6 26. Rfc1 f5 27. Bf3 e4
28. Be2 Rc6 29. Rd1 Rc7 30. Kg2 Kg7 31. h4 Nc6 32. Rac1 Rbb7 33. Rc5 Ne7 34.
Rxc7 Rxc7 35. g4 fxg4 36. Bxg4 h5 37. Bh3 Nf5 38. Bxf5 gxf5 39. Rd6 Rc2 40. Kg3
Ra2 41. Rb6 Rc2 42. Rd6 Ra2 43. Rb6 Rc2 44. Rd6 1/2-1/2

[Event "chess.com SpeedChess 2024"]
[Site "chess.com INT"]
[Date "2024.08.06"]
[Round "2.13"]
[Board "13"]
[White "Firouzja, Alireza"]
[Black "Caruana, Fabiano"]
[Result "1/2-1/2"]
[WhiteTitle "GM"]
[BlackTitle "GM"]
[WhiteElo "2744"]
[BlackElo "2796"]
[WhiteFideId "12573981"]
[BlackFideId "2020009"]
[EventDate "2024.07.25"]
[EventType "k.o."]

1. e4 e5 2. Nf3 Nc6 3. Bb5 a6 4. Ba4 Nf6 5. O-O Bc5 6. c3 b5 7. Bb3 d6 8. a4 Rb8
9. d4 Bb6 10. Be3 O-O 11. Nbd2 Re8 12. h3 Na5 13. Ba2 c5 14. Re1 h6 15. Bb1 cxd4
16. cxd4 Nc6 17. d5 Ne7 18. axb5 axb5 19. Bd3 Ng6 20. b4 Nf4 21. Bf1 Bd7 22. Nb3
Bxe3 23. Rxe3 g5 24. Nfd2 h5 25. Na5 Qb6 26. Nc6 Bxc6 27. dxc6 Qxc6 28. Rc1 Qd7
29. Nf3 Nh7 30. Nxg5 Nxg5 31. Rg3 f6 32. h4 Qe7 33. hxg5 fxg5 34. Rgc3 Rf8 35.
g3 Ne6 36. Qxh5 Qf6 37. f3 Rb7 38. Bh3 Nd4 39. Rc7 Nxf3+ 40. Kh1 Rxc7 41. Rxc7
Rf7 42. Rc8+ Rf8 43. Rc7 Rf7 44. Rc8+ Rf8 45. Rc7 1/2-1/2

[Event "chess.com SpeedChess 2024"]
[Site "chess.com INT"]
[Date "2024.08.06"]
[Round "2.14"]
[Board "14"]
[White "Caruana, Fabiano"]
[Black "Firouzja, Alireza"]
[Result "0-1"]
[WhiteTitle "GM"]
[BlackTitle "GM"]
[WhiteElo "2796"]
[BlackElo "2744"]
[WhiteFideId "2020009"]
[BlackFideId "12573981"]
[EventDate "2024.07.25"]
[EventType "k.o."]

1. d4 Nf6 2. c4 e6 3. Nc3 Bb4 4. e3 O-O 5. a3 Bxc3+ 6. bxc3 b6 7. Bd3 Bb7 8. f3
c5 9. e4 Nc6 10. Nh3 Ne8 11. Be3 Ba6 12. O-O Na5 13. Qe2 Rc8 14. d5 f6 15. f4
Nd6 16. e5 Ndxc4 17. Bf2 f5 18. d6 Qe8 19. a4 Qg6 20. Ng5 Bb7 21. h4 Bd5 22. h5
Qe8 23. g4 h6 24. Nh3 fxg4 25. Qxg4 Nd2 26. Bh4 Nxf1 27. Rxf1 Rf5 28. Bxf5 exf5
29. Qe2 Bc4 30. Qf3 Bxf1 31. Kxf1 0-1